000 01028nam0a22002531 4500
001 rc\2716785
005 20250529124825.0
035 _a(NLR Aleph) 006844601
090 _a6681820
_c6681820
100 _a20110915d1938 |||y0rusy50 ca
101 1 _arus
_ceng
102 _aRU
105 _aa z |||||
200 1 _aХранение зерна в Канаде
_fПер. с англ. под ред. и с прим. проф. Д. В. Шумского
_gКом-т заготовок. Всес. науч.-иссл. ин-т зерна и продуктов его переработки
210 _aМосква
_cГосторгиздат
_d1938
_gТип. изд-ва "Крестьян. газ."
215 _a76 с.
_cил.
_d25 см.
320 _a"Библиография" (стр. 74)
700 1 _aБрафтон
_bГ.Г.
702 1 _aШумский
_bД.В.
_gДмитрий Васильевич
_4730
_4340
_4212
801 0 _aRU
_bNLR
_gpsbo
801 1 _aRU
_bELAR
_2rusmarc
852 _aNLR
_j33-12/4
942 _cBOOK
980 _aNB